000 00555nam a2200205 i 4500
001 C2-0221363
003 PPAK
005 20180728150929.0
008 991025s1993 my |||| ||||| | may d
040 _aPPAK
_beng
_cPPAK
_erda
082 0 4 _a338
_223
090 0 0 _a338
_bEKO
_dKK
245 0 0 _aEkonomi (Keratan Akhbar Koleksi Kedah)
264 1 _aAlor Setar, Kedah :
_bPerbadanan Perpustakaan Awam Kedah ,
_c1993
300 _c33 cm
336 _2rdacontent
_atext
337 _2rdamedia
_aunmediated
338 _2rdacarrier
_avolume
942 _ddc
_cB
999 _c142997
_d142997